Online
Catalog

Narraciones extraordinarias / (Record no. 34225)

MARC details
000 -CABECERA
campo de control de longitud fija 00902nam a2200241 a 4500
001 - NÚMERO DE CONTROL
campo de control 000034734
005 - FECHA Y HORA DE LA ÚLTIMA TRANSACCIÓN
campo de control 20200930073854.0
008 - DATOS DE LONGITUD FIJA--INFORMACIÓN GENERAL
campo de control de longitud fija 111019s1969 sp 000 f spa d
040 ## - FUENTE DE LA CATALOGACIÓN
Centro catalogador/agencia de origen DO-SdBNP
Lengua de catalogación spa
Centro/agencia transcriptor BNPHU
082 ## - NÚMERO DE LA CLASIFICACIÓN DECIMAL DEWEY
Número de clasificación 813.3
Número de documento/Ítem P743n
100 1# - ENTRADA PRINCIPAL--NOMBRE DE PERSONA
Nombre de persona Poe, Edgar Allan,
Fechas asociadas al nombre 1809-1849
9 (RLIN) 9903
245 10 - MENCIÓN DE TÍTULO
Título Narraciones extraordinarias /
Mención de responsabilidad, etc. E. A. Poe ; prólogo Narciso Ibáñez Serrador ; traducción J. Farrán y Mayoral.
260 ## - PUBLICACIÓN, DISTRIBUCIÓN, ETC.
Lugar de publicación, distribución, etc. Madrid :
Nombre del editor, distribuidor, etc. Salvat Editores :
-- Alianza Editorial,
Fecha de publicación, distribución, etc. 1969.
300 ## - DESCRIPCIÓN FÍSICA
Extensión 190 p. ;
Dimensiones 19 cm.
490 1# - MENCIÓN DE SERIE
Mención de serie Biblioteca básica Salvat
Designación de volumen o secuencia 3
500 ## - NOTA GENERAL
Nota general Traducido del inglés.
650 #4 - PUNTO DE ACCESO ADICIONAL DE MATERIA--TÉRMINO DE MATERIA
Término de materia o nombre geográfico como elemento de entrada Cuentos estadounidense
9 (RLIN) 10646
650 #4 - PUNTO DE ACCESO ADICIONAL DE MATERIA--TÉRMINO DE MATERIA
Término de materia o nombre geográfico como elemento de entrada Literatura estadounidense
9 (RLIN) 263
700 12 - PUNTO DE ACCESO ADICIONAL--NOMBRE DE PERSONA
Nombre de persona Ibáñez Serrador, Narciso,
Término indicativo de función/relación pról.
9 (RLIN) 60203
700 12 - PUNTO DE ACCESO ADICIONAL--NOMBRE DE PERSONA
Nombre de persona Farrán y Mayoral, J.,
Término indicativo de función/relación tr.
9 (RLIN) 60204
830 #0 - PUNTO DE ACCESO ADICIONAL DE SERIE-TÍTULO UNIFORME
Título uniforme Biblioteca básica Salvat
Número de parte o sección de la obra 3
9 (RLIN) 60205
910 ## - DATOS DE OPCIÓN DEL USUARIO (OCLC)
Datos de opción del usuario Validado. Control de calidad MMOLINA
Holdings
Estado de retiro Estado de pérdida Restricciones de uso No para préstamo Código de colección Localización permanente Ubicación/localización actual Ubicación en estantería Fecha de adquisición Número de inventario Total de préstamos Signatura topográfica completa Código de barras Fecha visto por última vez Precio válido a partir de Tipo de ítem Koha Nota pública
      Excluido de préstamo Monografías: Libros y Folletos General General Depósito 19.10.2011 LF1   813.3 P743n 34734-10 25.06.2020 25.06.2020 No se presta Perteenció a la biblioteca personal de Juan Isidro Jimenes Grullón.

Powered by Koha